000 00394nam a2200145Ia 4500
999 _c6061
_d6061
020 _a9780195686715
082 _a338.4561 INT-
245 0 _aInternational competitiveness and knowledge-based industries in India
260 _aNew Delhi
_bOxford University Press
_c2007
300 _axviii, 349
650 _aIndia
_vIndustries
700 _aJoseph, K.J.
700 _aNagesh Kumar
942 _cBK